000 00666nam a22001817a 4500
005 20230814155609.0
008 230814b |||||||| |||| 00| 0 eng d
020 _a9789810 879570
041 _aeng
082 _a720.22
_bJUL/ALB
100 _aJulian F
_9204322
245 _aSketching & Rendering: Techniques For Product Designers
260 _aSingapure
_bDasheer Publishers
_c2011
300 _a192p
_bHb
_c29.5 x 24
365 _aINR
_b2201.85
_cRupaye
500 _aThe First Lines Basic Exercises The First IdeasOf The Crestive Process Describing The Object And Its Background TheTechnical Drawing: ConstructiveAnd Development Drawing
942 _cBK
999 _c355789
_d355789